000 00573nam a2200229Ia 4500
003 OSt
005 20220918195321.0
006 a|||||r|||| 00| 0
007 ta
008 220917b |||||||| |||| 00| 0 eng d
024 _a84,555
037 _cTextual
040 _aARTS
_cARTS
_beng
041 _2eng
_aeng
082 _aSM9:5, K9.2-.3
100 _aBowley J
_989995
245 0 _aAttachment and loss
260 _aOLondon
_bHogarth
_c1980
650 _aPSYCHOLOGY
942 _hSM9:5, K9.2-.3
_cTEXL
_2CC
999 _c208269
_d208269